000 00536nam a2200181Ia 4500
005 20250508150951.0
008 008 250505s9999 xx 000 0 eng d
037 _aTextual
040 _aFEDL
_beng
_cFEDL
041 _aeng
_2eng
084 _a153.93, KAM
_qFEDL
100 _aKamat V.V.
_9758076
245 0 _aMeasuring intelligence of indian children
260 _aCumberlege
_bGeoffrey Cumberlege Oxford University Press
_c1940
300 _axvi,243p.
942 _cTEXL
_h153.93, KAM
999 _c1326790
_d1326790